UK Cities - One Minute Sprint - Statistics

General Stats
  • This quiz has been taken 111 times
    89 since last reset
  • The average score is 17 of 69
Answer Stats
England % Correct
City of London
98%
Manchester
72%
Cardiff
71%
Edinburgh
71%
Glasgow
71%
Liverpool
69%
Swansea
60%
Belfast
59%
Birmingham
57%
Bristol
57%
Aberdeen
55%
Leeds
50%
York
47%
Newcastle upon Tyne
41%
Bath
38%
Inverness
34%
Londonderry
33%
Brighton and Hove
31%
Dundee
31%
Oxford
31%
Kingston upon Hull
29%
Leicester
28%
Cambridge
26%
Nottingham
26%
Norwich
24%
Coventry
22%
Bradford
21%
Sheffield
21%
Sunderland
21%
Carlisle
19%
Exeter
19%
Plymouth
19%
Southampton
19%
Stirling
19%
Newport
17%
Lincoln
16%
Perth
16%
Stoke-on-Trent
16%
Chester
14%
Derby
14%
St Davids
14%
Bangor
12%
Gloucester
12%
Portsmouth
12%
Wells
12%
Armagh
10%
Canterbury
10%
Newry
10%
Truro
10%
Westminster
10%
Lancaster
9%
Winchester
9%
Wolverhampton
9%
Durham
7%
Salford
7%
Worcester
7%
Chichester
5%
Ely
5%
Lisburn
5%
Ripon
5%
Wakefield
5%
Hereford
3%
Lichfield
3%
Preston
3%
St Asaph
3%
Chelmsford
2%
Peterborough
2%
Salisbury
2%
St Albans
2%
No matching quizzes found
Score Distribution
Percent of People with Each Score
Percentile by Number Answered
Your Score History
You have not taken this quiz since the last reset